Filosofía del arte
I tiakina i:
| Kaituhi matua: | |
|---|---|
| Hōputu: | Pukapuka |
| I whakaputaina: |
Barcelona, España:
Editorial Iberia,
1954.
|
| Rangatū: | Obras Maestras
|
| Ngā marau: | |
| Ngā Tūtohu: |
Tāpirihia he Tūtohu
Kāore He Tūtohu, Me noho koe te mea tuatahi ki te tūtohu i tēnei pūkete!
|
MARC
| LEADER | 00000nam a22000007a 4500 | ||
|---|---|---|---|
| 003 | CL-VaPUC | ||
| 005 | 20220822114523.0 | ||
| 008 | 22062471954 ||||| |||| 00| 0 eng d | ||
| 999 | |c 436343 |d 436341 | ||
| 040 | |c Pontificia Universidad Católica de Valparaíso | ||
| 082 | |2 22 |a 701 TAI 1954 | ||
| 100 | 1 | |a Taine, Hipólito Adolfo |e autor |9 871462 | |
| 245 | |a Filosofía del arte | ||
| 260 | |a Barcelona, España: |b Editorial Iberia, |c 1954. | ||
| 300 | |a 408 páginas. | ||
| 440 | |a Obras Maestras |9 865902 | ||
| 500 | |a c.1 Donación Familia Prof. Alejandro Guzmán Brito. | ||
| 583 | |c 20220624 |k Carolina Mena Serrano | ||
| 650 | |a Arte |x Estética |9 871463 | ||
| 650 | |a Bellas artes |x Crítica de arte |9 871464 | ||
| 942 | |2 ddc |c BK |n 0 | ||
| 952 | |0 0 |1 0 |2 ddc |4 0 |6 701_000000000000000_TAI_1954 |7 0 |8 C_AGB |9 584051 |a BIBDER |b BIBDER |d 2022-06-24 |e Donación |i 5652140 |o 701 TAI 1954 |p 5652140 |r 2023-01-25 |t 1 |w 2022-06-24 |y BK_US |k AGB | ||